000 00499nam a2200205 a 4500
001 BS0001896
003 BR-BrBNA
005 20231027143020.0
008 230308b |||||||| |||| 00| 0 por d
040 _aBR-BrBNA
_bpor
_cBiblioteca Nacional de Agricultura
041 _apor
072 _aS89
090 _aS89
_bBS0001896
100 1 _aLessa, Orígenes.
245 1 _aO Sonho de prequeté /
260 3 _bModerna,
300 _a54 p.
650 _aLITERATURA INFANTO-JUVENIL
942 _cBK
_2AGRIS
999 _c6956
_d6956